Clinician's pocket reference

This edition of the best-selling "Scut Monkey" Handbook provides all the essential information and skills needed for effective patient care in the hospital.It thoroughly covers procedures, techniques, and patient care information and features many charts and tables for quick and easy refer...

وصف كامل

محفوظ في:
التفاصيل البيبلوغرافية
التنسيق: كتاب
اللغة:Undetermined
منشور في: Appleton & Lange America 1997
الموضوعات:
الوسوم: إضافة وسم
لا توجد وسوم, كن أول من يضع وسما على هذه التسجيلة!
Thư viện lưu trữ: Trung tâm Học liệu Trường Đại học Cần Thơ
LEADER 00980nam a2200181Ia 4500
001 CTU_219859
008 210402s9999 xx 000 0 und d
082 |a 616 
082 |b C641 
245 0 |a Clinician's pocket reference 
245 0 |c Leonard G. Gomella ... [et. al.] 
260 |a Appleton & Lange 
260 |b America 
260 |c 1997 
520 |a This edition of the best-selling "Scut Monkey" Handbook provides all the essential information and skills needed for effective patient care in the hospital.It thoroughly covers procedures, techniques, and patient care information and features many charts and tables for quick and easy reference The text answers common questions on lab values, medication actions and dosages, intravenous therapy, emergency care, operating room procedures, and suturing techniques. 
650 |a Clinicians' guides,Hướng dẫn bác sỹ lâm sàng 
904 |i Qhieu 
980 |a Trung tâm Học liệu Trường Đại học Cần Thơ